Science Quiz

Random Science Quiz
Score 0/10 Timer 03:00
0 Plays Today
Constant Value % Correct
Speed of light (c)2.998
89%
Avogadro's number (NA)6.022
86.7%
Elementary charge (e)1.602
62%
Planck constant (h)6.626
56.8%
Electron mass (me)9.109
56.2%
Molar gas constant (R)8.314
56.2%
Gravitational constant (G)6.674
53.6%
Proton mass (mp)1.672
47.2%
Electric constant (ϵ0)8.854
28.7%
Bohr radius (a0)5.292
16.8%
Remove Ads.
Support Sporcle.
Get the best of Sporcle when you Go Orange. This ad-free experience offers more features, more stats, and more fun while also helping to support Sporcle. Thank you for becoming a member.

You're not logged in!

Compare scores with friends on all Sporcle quizzes.
OR
Log In

Show Comments

Extras

Top Quizzes Today


Score Distribution

Your Account Isn't Verified!

In order to create a playlist on Sporcle, you need to verify the email address you used during registration. Go to your Sporcle Settings to finish the process.

Report this User

Report this user for behavior that violates our Community Guidelines.

Details: